Frozen Franchise - Statistics

General Stats
  • This quiz has been taken 63 times
  • The average score is 5 of 12
Answer Stats
Type Year Name Info % Correct
Film 2013 Frozen Disney
100%
Musical 2018-Present Frozen Kristen Anderson-Lopez / Robert Lopez
100%
Film 2019 Frozen 2 Disney
100%
Short Film 2015 Frozen Fever Disney
54%
Short Film 2017 Olaf's Frozen Adventure Disney
43%
Video Game 2013 Frozen Free Fall ????
17%
Video Game 2015 Frozen Free Fall: Snowball Fight Disney Interactive
17%
Theme Park Attraction 2016-Present Frozen Ever After (Various)
14%
Video Game 2013 Frozen: Olaf's Quest GameMill Entertainment
14%
Theme Park Attraction 2014-Present For the First Time in Forever: A Frozen Sing-Along Celebration (Various)
9%
Theme Park Attraction 2016-Present Frozen - Live at the Hyperion Disneyland
9%
Video Game 2015 Frozen Story Theatre ????
9%
No matching quizzes found
Score Distribution
Percent of People with Each Score
Percentile by Number Answered
Your Score History
You have not taken this quiz